000 00689nam a2200229Ia 4500
003 OSt
005 20220926030753.0
006 a|||||r|||| 00| 0
007 ta
008 220923b |||||||| |||| 00| 0 eng d
037 _cGeneral Book
040 _aRTL
_cRTL
_beng
041 _2eng
_aeng
082 _aX62:8,D.2.P0 - N99r, P0/GD
110 _aNational Institute of Bank Management.
245 0 _aAnnual report, 1999-2000
260 _aPune
_bNational Institute of Bank Management
_c2000
300 _a134p.
_ccm.
700 _aNational Institute of Bank Management.
942 _hX62:8,D.2.P0 - N99r, P0/GD
_cGB
_2CC
999 _c650640
_d650640